Mildred Hernández: ¿mostrar una realidad es una denuncia?/
সংরক্ষণ করুন:
| প্রধান লেখক: | |
|---|---|
| বিন্যাস: | গ্রন্থ |
| ভাষা: | Spanish |
| অনলাইন ব্যবহার করুন: | texto completo desde el sitio de la revista |
| ট্যাগগুলো: |
ট্যাগ যুক্ত করুন
কোনো ট্যাগ নেই, প্রথমজন হিসাবে ট্যাগ করুন!
|
MARC
| LEADER | 00000nam a22000007a 4500 | ||
|---|---|---|---|
| 003 | cru CIDCACS/IIS | ||
| 005 | 20191127150035.0 | ||
| 007 | ta | ||
| 008 | 191127s2018 cr |||p|r||||||0| ||spa|d | ||
| 999 | |c 42648 |d 42648 | ||
| 040 | |c cru CIDCACS/IIS | ||
| 100 | 1 | |9 6814 |a Cuevas Molina, Rafael |e entrevistador | |
| 245 | 1 | |a Mildred Hernández: |b ¿mostrar una realidad es una denuncia?/ |c entrevista de Rafael Cuevas Molina | |
| 300 | |a páginas 1-2: |b foto | ||
| 773 | 0 | |0 41151 |9 2903 |a Universidad Nacional de Costa Rica. |d Heredia, Costa Rica: IDELA ; ICAT-CIDEA, |o 17042 |t Suplemento Cultural/ | |
| 856 | |u http://www.suplementocultural.una.ac.cr/index.php/es/suplementos/169-suplemento-131-octubre-2018/566-mildred-hernandez-mostrar-una-realidad-es-una-denuncia-entrevista-de-rafael-cuevas-molina |y texto completo desde el sitio de la revista | ||
| 942 | |2 ddc |c PP | ||
